Actes de la conférence internationale d'états sur la protection des phonogrammes; 1971 : Genève. (Record no. 132340)

MARC details
000 -CABECERA
campo de control de longitud fija 00673nam a2200205 a 4500
005 - FECHA Y HORA DE LA ÚLTIMA TRANSACCIÓN
campo de control 20210219160157.0
008 - ELEMENTOS DE LONGITUD FIJA--INFORMACIÓN GENERAL
campo de control de longitud fija 080923s2000 mx r 000 0 spa d
020 ## - NÚMERO INTERNACIONAL NORMALIZADO PARA LIBROS
Número Internacional Estándar del Libro 9232012804
035 ## - NÚMERO DE CONTROL DEL SISTEMA
Número de control de sistema UPN01000160226
049 ## - COLECCIÓN
Colección UNE
080 ## - NÚMERO DE CLASIFICACIÓN DECIMAL UNIVERSAL
Número de la Clasificación Decimal Universal DO 681.84 (06) (100)=40 "1971" ACT
245 #0 - MENCIÓN DE TÍTULO
Título Actes de la conférence internationale d'états sur la protection des phonogrammes; 1971 : Genève.
260 ## - PUBLICACIÓN, DISTRIBUCIÓN, ETC.
Lugar de publicación, distribución, etc. Paris : UNESCO, 1975.
300 ## - DESCRIPCIÓN FÍSICA
Extensión 236 p.
500 ## - NOTA GENERAL
Nota general Incluye índices
690 ## - PUNTO DE ACCESO ADICIONAL DE MATERIA LOCAL--TÉRMINO DE MATERIA (OCLC, RLIN)
Término de materia o nombre geográfico como elemento inicial Acustica- Tocadiscos- Seguridad- Conferencias internacional
710 2# - ASIENTO SECUNDARIO - NOMBRE CORPORATIVO
Nombre de entidad corporativa o nombre de jurisdicción como elemento de entrada UNESCO
710 2# - ASIENTO SECUNDARIO - NOMBRE CORPORATIVO
Nombre de entidad corporativa o nombre de jurisdicción como elemento de entrada OMPI. Organización Mundial de la Propiedad Intelectual.
905 ## - TIPO DE MATERIAL
Tipo de material UNESCO
Holdings
Estado de retiro Estado de pérdida Fuente del sistema de clasificación o colocación Estado dañado No para préstamo Código de colección Localización permanente Ubicación/localización actual Ubicación en estantería Fecha de adquisición Código de barras Fecha visto por última vez Número de copia Tipo de ítem Koha
    Library of Congress Classification   Disponible (Préstamo en sala) UNESCO Bib. Gregorio Torres Quintero Bib. Gregorio Torres Quintero Colecciones especiales Planta alta 03/02/2023 U12681 31/12/2020 1 Libro